000 00887cam a22002774a 4500
008
020 _a9781565492189 (pbk.)
049 _aMAIN
090 _aHD82
_bDEV
245 0 0 _aDevelopment and the private sector :
_bconsuming interests /
_cedited by Deborah Eade and John Sayer.
260 _aBloomfield, CT :
_bKumarian Press,
_c2006.
300 _axii, 312 p. ;
_c23 cm.
440 2 _aDevelopment in practice;
_vno. 15
500 _aIncludes index.
504 _aIncludes bibliographical references.
650 0 _aSocial responsibility of business.
650 0 _aDeveloping countries
_xEconomic conditions.
650 0 _aGlobalization.
700 1 _aEade, Deborah.
700 1 _aSayer, John.
907 _a.b10392221
_b20-09-18
_c19-09-18
003
005 20230123141124.0
040 _cNUST
942 _cBOOKS
_kHD82
_mDEV
999 _c168068
_d168068